000 00304nam a22001337a 4500
008 190304b xxu||||| |||| 00| 0 eng d
020 _a9780781753012
041 _aeng
080 _a616-002.77
100 _a7
101 _aREU
245 _aBone Disease in Rheumatology
_cMaricic,M
942 _2udc
_cBK
999 _c54397
_d54397